=LDR 00000nam 2200000 4500 =001 INLIS000000000000448 =005 20150316083545.0 =006 =007 =008 Ind =035 ##$$0010-061300000000448 =041 ##$$a Ind =082 ##$$a 301 =090 ##$$a 301 Sya s =100 ##$$a Syani, Abdul =245 ##$$a Sosiologi dan perubahan masyarakat suatu interpretasi ke arah realitas sosial / Abdul Syani =260 ##$$a Jakarta $b Pustaka Jaya $c 1995 =300 ##$$a ix, 134 hlm. ; 21 cm =650 ##$$a Sosiologi =850 ##$$a NBPNMAT